Praterveilchen (Record no. 9555)

MARC details
000 -CABECERA
campo de control de longitud fija 00718nam a2200241 a 4500
001 - NÚMERO DE CONTROL
campo de control BRL_743
005 - FECHA Y HORA DE LA ÚLTIMA TRANSACCIÓN
campo de control 20190320210857.0
008 - DATOS DE LONGITUD FIJA--INFORMACIÓN GENERAL
campo de control de longitud fija 011013s1953----gw-#######---#000-1#ger-#
041 ## - CÓDIGO DE LENGUA
Código de lengua del texto/banda sonora o título independiente ger
044 ## - CÓDIGO DEL PAÍS DE LA ENTIDAD EDITORA/PRODUCTORA
Código MARC del país gw
050 #4 - SIGNATURA TOPOGRÁFICA DE LA BIBLIOTECA DEL CONGRESO
Número de clasificación PR6017.S5
Número de documento/Ítem .I74 1953
100 1# - ENTRADA PRINCIPAL--NOMBRE DE PERSONA
Nombre de persona Isherwood, Christopher
Fechas asociadas al nombre 1904-1986
9 (RLIN) 24806
245 10 - MENCIÓN DE TÍTULO
Título Praterveilchen
Mención de responsabilidad, etc. von Christopher Isherwood ; deutsch von Hansi Bochow-Blüthgen.
260 ## - PUBLICACIÓN, DISTRIBUCIÓN, ETC.
Lugar de publicación, distribución, etc. Hamburg
Nombre del editor, distribuidor, etc. Rowholt
Fecha de publicación, distribución, etc. 1953
300 ## - DESCRIPCIÓN FÍSICA
Extensión 156 p.
Dimensiones 19 cm.
440 #0 - MENCIÓN DE SERIE/PUNTO DE ACCESO ADICIONAL--TÍTULO
Título Rororo Taschenbücher
Designación de volumen o secuencia 81
9 (RLIN) 24807
500 ## - NOTA GENERAL
Nota general Au834
500 ## - NOTA GENERAL
Nota general Traducción de: Prater Violet.
650 14 - PUNTO DE ACCESO ADICIONAL DE MATERIA--TÉRMINO DE MATERIA
Término de materia o nombre geográfico como elemento de entrada Literatura inglesa
Subdivisión de forma Novela
9 (RLIN) 24498
700 1# - PUNTO DE ACCESO ADICIONAL--NOMBRE DE PERSONA
Nombre de persona Bochow-Blüthgen, Hansi
Término indicativo de función/relación tr.
9 (RLIN) 24808
902 ## - CATALOGADOR
Iniciales GRL
942 ## - ELEMENTOS DE PUNTO DE ACCESO ADICIONAL (KOHA)
Fuente del sistema de clasificación o colocación Library of Congress Classification
Tipo de ítem Koha Libros
Holdings
Estado de retiro Estado de pérdida Estado dañado No para préstamo Localización permanente Ubicación/localización actual Fecha de adquisición Número de inventario Total de préstamos Signatura topográfica completa Código de barras Fecha visto por última vez Precio válido a partir de Tipo de ítem Koha
El ejemplar forma parte de la colección y puede ser consultado según las políticas vigentes.       Biblioteca Centro de Estudios Ruth D. Lechuga Biblioteca Centro de Estudios Ruth D. Lechuga 01/10/2013 Au834   PR6017.S5 .I74 1953 (Au834) GRL00812 22/03/2019 22/03/2019 Libros